000 00435nam a2200169Ia 4500
008 221030s9999 xx 000 0 und d
020 _a9332547919
041 _aEnglish
100 _aE. Nemeth
245 0 _aUnix & Linux System Administration Handbook
_cby E. Nemeth, G. Snyder
250 _a4th
260 _bPearson Education
_aNew Delhi
_c2015
300 _a1150
650 _aBE Computer
700 _aG. Snyder
942 _cBK
999 _c17092
_d17092